[Event "XXV Miedzynarodowy Festiwal Szachowy w Poznaniu - OPEN A"]
[Site "Poznan"]
[Date "2017.08.24"]
[Round "6.10"]
[White "Orzechowski, Jacek "]
[Black "Malaczek, Mateusz"]
[Result "1-0"]
[WhiteTitle ""]
[BlackTitle ""]
[WhiteElo "2069"]
[BlackElo "1950"]

1. c4 c5 2. Nc3 Nc6 3. g3 g6 4. Bg2 Bg7 5. a3 a5 6. Nf3 d6 7. O-O e5 8. Ne1 Nge7
9. Nc2 Be6 10. d3 O-O 11. Bg5 f6 12. Bd2 b6 13. Ne3 Rc8 14. Ned5 Bxd5 15. Nxd5
Nxd5 16. Bxd5+ Kh8 17. b4 axb4 18. axb4 Ne7 19. Bg2 d5 20. cxd5 Nxd5 21. bxc5
Rxc5 22. Qb3 Re8 23. Rfc1 Rxc1+ 24. Bxc1 Ne7 25. Be3 Nc6 26. Bxc6 1-0

[Event "XXV Miedzynarodowy Festiwal Szachowy w Poznaniu - OPEN A"]
[Site "Poznan"]
[Date "2017.08.24"]
[Round "6.11"]
[White "Tadych, Szymon "]
[Black "Bednarska-bzdega, Malgorzata "]
[Result "0-1"]
[WhiteTitle ""]
[BlackTitle ""]
[WhiteElo "1501"]
[BlackElo "2047"]

1. d4 d5 2. c4 e6 3. Nc3 Nf6 4. Bg5 Be7 5. Nf3 h6 6. Bh4 O-O 7. c5 b6 8. b4 a5
9. a3 Bb7 10. e3 Ne4 11. Nxe4 dxe4 12. Bxe7 Qxe7 13. Nd2 e5 14. Nc4 axb4 15. axb4
Nd7 16. Be2 exd4 17. exd4 Nf6 18. O-O Rxa1 19. Qxa1 Ra8 20. Qb2 Nd5 21. Ne3 Qg5
22. Nxd5 Bxd5 23. Ra1 Rxa1+ 24. Qxa1 Qd2 25. Qd1 Qxb4 26. cxb6 cxb6 27. f3 exf3
28. Bxf3 Qb3 29. Qxb3 Bxb3 30. Kf2 Kf8 31. Ke3 Ke7 32. d5 Kd6 33. Kd4 f5 34. g3
Bc2 35. h4 Be4 36. Bh5 Bxd5 37. Bg6 Be6 38. Bh5 b5 39. Be2 b4 40. h5 Bd5 41. Bd1
b3 42. Kc3 Ke5 43. Be2 Be6 44. Bd3 Bf7 45. Be2 Ke4 46. Bd3+ Kf3 47. Bxf5 Kxg3
0-1

[Event "XXV Miedzynarodowy Festiwal Szachowy w Poznaniu - OPEN A"]
[Site "Poznan"]
[Date "2017.08.24"]
[Round "6.12"]
[White "Madrawski, Krzysztof "]
[Black "Szymanski, Zbigniew"]
[Result "1-0"]
[WhiteTitle ""]
[BlackTitle ""]
[WhiteElo "2043"]
[BlackElo "1844"]

1. e4 e6 2. d4 d5 3. e5 c5 4. c3 Qb6 5. Nf3 Nc6 6. a3 c4 7. g3 Bd7 8. Nbd2 Na5
9. Bg2 Ne7 10. O-O Qc7 11. Rb1 Nc8 12. Ne1 Nb6 13. f4 g6 14. Qe2 Na4 15. Nc2 Be7
16. Ne3 Bc6 17. Nf3 Bxa3 18. bxa3 Nxc3 19. Qc2 Nxb1 20. Qxb1 Nb3 21. Bb2 h5 22.
g4 hxg4 23. Nxg4 O-O-O 24. Bc3 a5 25. Qe1 b6 26. Ng5 Qe7 27. Ne3 Kc7 28. Bf3 Rd7
29. Nc2 Qf8 30. Kg2 Qh6 31. Rh1 Qh4 32. Qxh4 Rxh4 33. Kg3 Rh8 34. h4 Re7 35. h5
gxh5 36. Rxh5 Rxh5 37. Bxh5 Be8 38. f5 Kc6 39. f6 Rb7 40. Nxe6 Rb8 41. Ng7 Kd7
42. Ne3 b5 43. Nxd5 b4 44. axb4 axb4 45. Nxb4 Nxd4 46. Bxd4 Rxb4 47. e6+ fxe6
48. Bxe8+ Kd8 49. f7 1-0

[Event "XXV Miedzynarodowy Festiwal Szachowy w Poznaniu - OPEN A"]
[Site "Poznan"]
[Date "2017.08.24"]
[Round "6.13"]
[White "Nadstoga, Wojciech "]
[Black "Banach, Szymon "]
[Result "1-0"]
[WhiteTitle ""]
[BlackTitle ""]
[WhiteElo "1926"]
[BlackElo "2040"]

1. Nf3 f5 2. d3 Nf6 3. g3 d6 4. Bg2 g6 5. c3 e5 6. O-O Bg7 7. Nbd2 O-O 8. Qb3+
Kh8 9. Ng5 d5 10. e4 fxe4 11. dxe4 h6 12. Ngf3 Nxe4 13. Nxe4 dxe4 14. Nh4 Bf5
15. Qxb7 Nd7 16. Rd1 Nc5 17. Rxd8 Nxb7 18. Rxa8 Rxa8 19. g4 Bxg4 20. Nxg6+ Kg8
21. Bxe4 Rb8 22. Ne7+ Kf7 23. Nc6 Rg8 24. Bd5+ Be6 25. Bxe6+ Kxe6 26. Be3 a6 27.
Kf1 Nd6 28. b3 Nf5 29. Rd1 Bf6 30. Nb4 Nxe3+ 31. fxe3 a5 32. Nc6 Kf5 33. Nxa5
Ke4 34. Nc4 Bh4 35. Rd2 Rb8 36. Ke2 Bg5 37. Rd7 Ra8 38. a4 Rg8 39. Rxc7 Bd8 40.
Nd2+ Kd5 41. Rf7 Bh4 42. h3 Rg3 43. e4+ Ke6 44. Rf3 Rg2+ 45. Kd3 Bg5 46. Nc4 Bf4
47. a5 Kd7 48. Nb6+ Kc6 49. Nd5 Bg5 50. Kc4 Rd2 51. Nf6 Kd6 52. a6 Ke6 53. Nd5
Kd6 54. Kb5 1-0

[Event "XXV Miedzynarodowy Festiwal Szachowy w Poznaniu - OPEN A"]
[Site "Poznan"]
[Date "2017.08.24"]
[Round "6.14"]
[White "Bajerlein, Dawid "]
[Black "Nun, Grzegorz"]
[Result "1/2-1/2"]
[WhiteTitle ""]
[BlackTitle ""]
[WhiteElo "2037"]
[BlackElo "1829"]

1. d4 Nf6 2. c4 c5 3. d5 b5 4. Nd2 b4 5. e4 d6 6. g3 g6 7. Bg2 Nbd7 8. f4 Bg7 9.
Ngf3 O-O 10. O-O Rb8 11. h3 e6 12. Rb1 exd5 13. exd5 Nb6 14. Nh4 Rb7 15. b3 1/2-1/2

[Event "XXV Miedzynarodowy Festiwal Szachowy w Poznaniu - OPEN A"]
[Site "Poznan"]
[Date "2017.08.24"]
[Round "6.15"]
[White "Simon, Marek "]
[Black "Motyl, Tomasz"]
[Result "1/2-1/2"]
[WhiteTitle ""]
[BlackTitle ""]
[WhiteElo "1837"]
[BlackElo "2027"]

1. d4 d5 2. c4 e6 3. Nf3 Nf6 4. Nc3 Be7 5. Bf4 O-O 6. e3 b6 7. cxd5 Nxd5 8. Bg3
c5 9. Nxd5 Qxd5 10. Be2 cxd4 11. Qxd4 Qa5+ 12. Kf1 Bb7 13. Qe5 Bd5 14. Qh5 Nd7
15. Bd3 g6 16. Qh6 Bf6 17. h4 Bxf3 18. gxf3 Bxb2 19. Rd1 Bg7 20. Qf4 Nf6 21. Qg5
Qxg5 22. hxg5 Nd5 23. Rh4 Rfd8 24. Bc2 Nc3 25. Rxd8+ Rxd8 26. Bb3 Rc8 27. Rc4
Rxc4 28. Bxc4 e5 29. f4 e4 30. f3 b5 31. Bb3 exf3 32. Be1 Ne2 33. Bd5 Nc1 34.
Bd2 Bb2 35. Bxc1 Bxc1 36. Kf2 Kg7 37. Kxf3 f6 38. gxf6+ Kxf6 39. e4 Bb2 40. Bc6
b4 41. Kg3 Ke6 42. Bd5+ Kd6 43. Bg8 h6 44. Bf7 g5 45. Kg4 gxf4 46. Kxf4 a5 47.
Kf3 Bc1 48. Bg8 Ke5 49. Bf7 a4 50. Bg8 Kd4 51. Bf7 Bg5 52. Bg8 h5 53. Bf7 h4 54.
Bg8 Be7 55. Bd5 Bd6 56. Kg2 Kc3 57. Kh3 Be7 58. Kg2 Kd4 59. Kf3 Bd6 60. Kg2 Ke3
61. e5 Bxe5 62. Be6 Bc3 63. Bf7 b3 64. Bxb3 1/2-1/2

[Event "XXV Miedzynarodowy Festiwal Szachowy w Poznaniu - OPEN A"]
[Site "Poznan"]
[Date "2017.08.24"]
[Round "6.16"]
[White "Kus, Aleksander"]
[Black "Lisiecki, Robert "]
[Result "1-0"]
[WhiteTitle ""]
[BlackTitle ""]
[WhiteElo "2012"]
[BlackElo "1772"]

1. e4 e6 2. d4 d5 3. Nd2 a6 4. c3 Nf6 5. e5 Nfd7 6. f4 c5 7. Ndf3 Nc6 8. Bd3 b5
9. Ne2 Qb6 10. O-O Be7 11. Be3 Bb7 12. Kh1 Na5 13. dxc5 Bxc5 14. Ned4 Nc4 15.
Bc1 Qc7 16. b3 Ncb6 17. f5 Bxd4 18. cxd4 Nf8 19. Ba3 O-O-O 20. Qd2 Bc6 21. Bd6
Qd7 22. a4 Kb7 23. Ng5 f6 24. Bxf8 fxg5 25. Bc5 g4 26. fxe6 Qxe6 27. Bxb6 Kxb6
28. axb5 Bxb5 29. Bxb5 axb5 30. Qa5+ Kc6 31. Qa6+ Kd7 32. Qxb5+ Ke7 33. Qc5+ Ke8
34. Ra7 Rc8 35. Qb5+ Kd8 36. Rxg7 g3 37. Rxg3 Qh6 38. Qxd5+ 1-0

[Event "XXV Miedzynarodowy Festiwal Szachowy w Poznaniu - OPEN A"]
[Site "Poznan"]
[Date "2017.08.24"]
[Round "6.17"]
[White "Malyovanyi, Yulian "]
[Black "Korpalska, Joanna"]
[Result "1-0"]
[WhiteTitle ""]
[BlackTitle ""]
[WhiteElo "2006"]
[BlackElo "1733"]

1. e4 e5 2. Nf3 Nc6 3. d4 exd4 4. Nxd4 Nf6 5. Nxc6 bxc6 6. e5 Qe7 7. Qe2 Nd5 8.
c4 Nb6 9. b3 g6 10. Bb2 Bg7 11. Nd2 O-O 12. O-O-O a5 13. f4 a4 14. Ne4 axb3 15.
axb3 Qb4 16. Qe3 Re8 17. Qc3 Qxc3+ 18. Nxc3 Bh6 19. g3 Rxe5 20. Nd5 Rxd5 21. cxd5
Nxd5 22. Bc4 Bb7 23. Rhe1 Bg7 24. Bxd5 cxd5 25. Re7 Bc6 26. Rde1 Bxb2+ 27. Kxb2
Rb8 28. Re8+ Rxe8 29. Rxe8+ Kg7 30. Rc8 Kf6 31. Rxc7 Kf5 32. Kc3 Ke4 33. Rc8 d4+
34. Kd2 d3 35. Re8+ Kd4 36. Re7 Bd5 37. Rxd7 Kc5 38. Rxd5+ Kxd5 39. Kxd3 Kc5 40.
Kc3 Kb5 41. b4 Kb6 42. Kc4 Kc6 43. b5+ Kb6 44. Kb4 Kb7 45. Kc5 Kc7 46. b6+ Kb7
47. Kb5 Kb8 48. Kc6 Kc8 49. h3 h5 50. g4 hxg4 51. hxg4 f5 52. g5 1-0

[Event "XXV Miedzynarodowy Festiwal Szachowy w Poznaniu - OPEN A"]
[Site "Poznan"]
[Date "2017.08.24"]
[Round "6.18"]
[White "Lascar, Radoslawa"]
[Black "Michalski, Karol "]
[Result "0-1"]
[WhiteTitle ""]
[BlackTitle ""]
[WhiteElo "1778"]
[BlackElo "1992"]

1. e4 g6 2. d4 Bg7 3. Nc3 d6 4. f4 Nd7 5. Nf3 c5 6. Be3 cxd4 7. Bxd4 e5 8. Be3
Ngf6 9. Qxd6 Bf8 10. Qd3 Bb4 11. fxe5 Nh5 12. e6 fxe6 13. Qd4 Bxc3+ 14. Qxc3 O-O
15. O-O-O Qf6 16. e5 Qe7 17. Bb5 Nf4 18. Bxf4 Rxf4 19. Qd2 Rf7 20. Ng5 Rg7 21.
Ne4 Nf8 22. Rhf1 a6 23. Nf6+ Kh8 24. Be8 b5 25. Qd6 Bb7 26. Bc6 Rc8 27. Bxb7 Qxb7
28. Ne8 Rxe8 29. Rxf8+ Rg8 30. Rxg8+ Kxg8 31. Qd7 Qxd7 32. Rxd7 Rf8 33. Re7 Rf2
34. Rxe6 Rxg2 35. Rxa6 Rxh2 36. Kd1 g5 37. Rf6 Kg7 38. Rf5 Kg6 39. Rf6+ Kg7 40.
Rf5 Kg6 41. Rf1 Rh4 42. Re1 Rd4+ 43. Kc1 Rd7 44. e6 Re7 45. Re5 h5 46. Kd2 Kf6
47. Rxb5 Rxe6 48. a4 h4 49. Rb8 h3 50. a5 g4 51. Rh8 Kg5 52. b4 Rh6 53. Re8 h2
54. Re1 g3 55. b5 g2 56. b6 g1=Q 57. Re5+ Kf6 58. Re3 Qf2+ 59. Kd3 Qf5+ 0-1

[Event "XXV Miedzynarodowy Festiwal Szachowy w Poznaniu - OPEN A"]
[Site "Poznan"]
[Date "2017.08.24"]
[Round "6.19"]
[White "Purzycki, Jan Dawid"]
[Black "Czarnolewski, Piotr"]
[Result "1-0"]
[WhiteTitle ""]
[BlackTitle ""]
[WhiteElo "1982"]
[BlackElo "1677"]

1. e4 g6 2. d4 Bg7 3. Nc3 d6 4. f4 a6 5. a4 Nd7 6. Nf3 c5 7. d5 Nh6 8. Bc4 O-O
9. O-O Nb6 10. Be2 Bd7 11. a5 Nc8 12. h3 f5 13. e5 Na7 14. e6 Bb5 15. Nd2 Kh8
16. Nc4 Bxc4 17. Bxc4 Bxc3 18. bxc3 Nb5 19. Qd3 b6 20. Bb2 Ng8 21. Bxb5 axb5 22.
c4+ Nf6 23. g4 fxg4 24. hxg4 Kg8 25. g5 bxc4 26. Qc3 b5 27. gxf6 Rxf6 28. Qh3
Rf5 29. Qxf5 gxf5 30. Kf2 Qxa5 31. Rg1+ Kf8 32. Rxa5 Rxa5 33. Bg7+ Ke8 34. Bc3
1-0

[Event "XXV Miedzynarodowy Festiwal Szachowy w Poznaniu - OPEN A"]
[Site "Poznan"]
[Date "2017.08.24"]
[Round "6.20"]
[White "Kozlowska, Marzena "]
[Black "Wolniaczyk, Daria"]
[Result "1-0"]
[WhiteTitle ""]
[BlackTitle ""]
[WhiteElo "1970"]
[BlackElo "1629"]

1. e4 c5 2. Nf3 Nc6 3. d4 cxd4 4. Nxd4 g6 5. Be3 Bg7 6. Nc3 a6 7. Nd5 Rb8 8. Nf5
b5 9. Nxg7+ Kf8 10. Nh5 gxh5 11. Qxh5 d6 12. Bd3 Be6 13. O-O Ne5 14. Bh6+ Nxh6
15. Qxh6+ Kg8 16. f4 Bxd5 17. fxe5 Bc4 18. Rf3 f6 19. Bxc4+ bxc4 20. e6 1-0

[Event "XXV Miedzynarodowy Festiwal Szachowy w Poznaniu - OPEN A"]
[Site "Poznan"]
[Date "2017.08.24"]
[Round "6.21"]
[White "Olejarczyk, Wojciech "]
[Black "Rozumek, Krzysztof "]
[Result "1/2-1/2"]
[WhiteTitle ""]
[BlackTitle ""]
[WhiteElo "1820"]
[BlackElo "1952"]

1. d4 d5 2. c4 c6 3. Nc3 dxc4 4. a4 Nf6 5. e4 e5 6. d5 Bb4 7. Bxc4 Nxe4 8. Qb3
Qb6 9. Be3 Bxc3+ 10. bxc3 Qxb3 11. Bxb3 Nxc3 12. Rc1 Ne4 13. Nf3 f6 14. h3 Bd7
15. O-O Nd6 16. Rfd1 Nf5 17. Bc5 Na6 18. Ba3 Nc7 19. g4 Nh6 20. Bd6 Rc8 21. dxc6
Bxc6 22. Nh4 g5 23. Ng2 Nf7 24. Ne3 h5 25. Nf5 Nxd6 26. Nxd6+ Ke7 27. Nxc8+ Rxc8
28. Rc3 hxg4 29. hxg4 Rh8 30. f3 Ne6 31. Bxe6 Kxe6 32. a5 a6 33. Rd2 Rh3 34. Rdd3
e4 35. fxe4 Rxd3 36. Rxd3 Bxe4 37. Rc3 f5 38. gxf5+ Kxf5 39. Kf2 Kf4 40. Rc8 g4
41. Rf8+ Ke5 42. Kg3 Bf3 43. Rd8 Ke6 44. Kf4 Ke7 45. Rd2 1/2-1/2

[Event "XXV Miedzynarodowy Festiwal Szachowy w Poznaniu - OPEN A"]
[Site "Poznan"]
[Date "2017.08.24"]
[Round "6.22"]
[White "Sobczak, Miroslaw"]
[Black "Wojciechowski, Antoni"]
[Result "1-0"]
[WhiteTitle ""]
[BlackTitle ""]
[WhiteElo "1925"]
[BlackElo "1581"]

1. e4 e5 2. d4 exd4 3. Qxd4 Nc6 4. Qe3 Bb4+ 5. c3 Ba5 6. Bd3 Ne5 7. Bc2 d6 8. Qg3
Ng6 9. h4 h5 10. Ne2 Bb6 11. Nf4 Nxf4 12. Qxg7 Nxg2+ 13. Qxg2 Qf6 14. Na3 Bg4
15. Rg1 Qxh4 16. Nc4 O-O-O 17. a4 c5 18. Bf4 Bc7 19. Ne3 Qh3 20. Nxg4 Qxg2 21.
Rxg2 hxg4 22. O-O-O Ne7 23. Rxg4 Ng6 24. Bg5 Ne5 25. Rg3 Rdg8 26. f4 Nd7 27. e5
f6 28. exf6 Nxf6 29. Bxf6 1-0

[Event "XXV Miedzynarodowy Festiwal Szachowy w Poznaniu - OPEN A"]
[Site "Poznan"]
[Date "2017.08.24"]
[Round "6.23"]
[White "Kozlowski, Tomasz"]
[Black "Grochowski, Michal "]
[Result "1-0"]
[WhiteTitle ""]
[BlackTitle ""]
[WhiteElo "1918"]
[BlackElo "1616"]

1. e4 c5 2. Nc3 a6 3. a4 e6 4. g3 d5 5. Bg2 dxe4 6. Nxe4 Nc6 7. Ne2 Nf6 8. Nxf6+
Qxf6 9. d3 Bd7 10. h4 h6 11. Nc3 Rb8 12. O-O Qd8 13. Bf4 g5 14. Bxb8 Qxb8 15.
h5 Bg7 16. Ne4 b6 17. Re1 f5 18. Nc3 Kf7 19. Qd2 Re8 20. Rab1 Re7 21. Ne2 Ne5
22. b4 Qc7 23. bxc5 bxc5 24. d4 Nc4 25. Qd3 cxd4 26. Nxd4 Ne5 27. Qxa6 Ng4 28.
Nxf5 Qxc2 29. Nd6+ Kg8 30. Rb8+ Kh7 31. Be4+ 1-0

[Event "XXV Miedzynarodowy Festiwal Szachowy w Poznaniu - OPEN A"]
[Site "Poznan"]
[Date "2017.08.24"]
[Round "6.24"]
[White "Chaczynski, Kamil"]
[Black "Stachowiak, Slawomir "]
[Result "1-0"]
[WhiteTitle ""]
[BlackTitle ""]
[WhiteElo "1495"]
[BlackElo "1915"]

1. e4 e5 2. Nf3 Nc6 3. Nc3 Nf6 4. Bb5 d6 5. d4 exd4 6. Nxd4 Bd7 7. O-O Nxd4 8.
Bxd7+ Qxd7 9. Qxd4 Be7 10. Re1 O-O 11. Bg5 Ng4 12. Bxe7 Qxe7 13. Nd5 Qd8 14. Rad1
Ne5 15. c4 b6 16. f4 c5 17. Qc3 Nc6 18. Re3 Nd4 19. e5 Kh8 20. Qd3 dxe5 21. Rxe5
f6 22. Re7 Nc6 23. Re3 Nd4 24. Rde1 b5 25. Ne7 Rf7 26. Qxh7+ 1-0

[Event "XXV Miedzynarodowy Festiwal Szachowy w Poznaniu - OPEN A"]
[Site "Poznan"]
[Date "2017.08.24"]
[Round "6.25"]
[White "Mocny, Tomasz"]
[Black "Niedbala, Wojciech "]
[Result "0-1"]
[WhiteTitle ""]
[BlackTitle ""]
[WhiteElo "1731"]
[BlackElo "1908"]

1. d4 Nf6 2. c4 g6 3. Nc3 d5 4. Nf3 Bg7 5. Bg5 Ne4 6. cxd5 Nxg5 7. Nxg5 e6 8. h4
h6 9. Nf3 exd5 10. e3 c6 11. Bd3 O-O 12. Qc2 a5 13. Ne2 Na6 14. a3 Qd6 15. h5
g5 16. Ng3 Re8 17. Nf5 Bxf5 18. Bxf5 c5 19. Rd1 c4 20. O-O b5 21. Nh2 Nb8 22.
Ng4 Nd7 23. f4 Nf6 24. fxg5 Nxg4 25. Bxg4 hxg5 26. Qf5 Qe7 27. Rf3 Rad8 28. h6
Bxh6 29. Rh3 Rd6 30. Rf1 Rf8 31. Bd1 Qe6 32. Qf2 Kg7 33. Bc2 b4 34. Qf3 b3 35.
Bf5 Qe7 36. Qh5 a4 37. Qf3 Rh8 38. Kf2 Kf8 39. Rfh1 Kg7 40. Rh5 Qf6 41. Ke2 Qe7
42. Kd2 Qf6 43. R5h3 Qe7 44. Qh5 Qf6 45. Rf3 Qe7 46. Rhf1 Rf8 47. Bh3 Rg6 48.
R1f2 Qd6 49. Bg4 c3+ 50. Kc1 c2 51. Qh1 Qa6 52. Bh5 g4 53. Rg3 Qd3 54. Qe1 Re8
55. Bxg6 Bxe3+ 56. Rxe3 Qxe3+ 57. Qxe3 Rxe3 58. Bxc2 bxc2 59. Kxc2 Kg6 60. Kd2
Rb3 61. Kc2 f5 62. Re2 Rg3 63. Re5 Rxg2+ 64. Kc3 g3 65. Rxd5 Re2 66. Rd8 Re7 67.
Rg8+ Rg7 68. Re8 g2 69. Re1 Kg5 70. Rg1 Kf4 71. d5 Kf3 72. Kd4 Kf2 73. Rc1 f4
74. Ke5 f3 75. Kf4 g1=Q 76. Rc2+ Ke1 77. Rc1+ Kd2 78. Rxg1 Rxg1 0-1

[Event "XXV Miedzynarodowy Festiwal Szachowy w Poznaniu - OPEN A"]
[Site "Poznan"]
[Date "2017.08.24"]
[Round "6.26"]
[White "Duszczak, Dariusz"]
[Black "Huchwajda, Grzegorz"]
[Result "1-0"]
[WhiteTitle ""]
[BlackTitle ""]
[WhiteElo "1892"]
[BlackElo "1566"]

1. e4 c5 2. Nf3 e6 3. c3 Nf6 4. e5 Nd5 5. d4 cxd4 6. cxd4 Nc6 7. Nc3 Nxc3 8. bxc3
d6 9. Bf4 Be7 10. Be2 O-O 11. O-O b6 12. Qd3 Bb7 13. exd6 Bxd6 14. Bxd6 Qxd6 15.
Ng5 g6 16. Qh3 h5 17. Bxh5 Kg7 18. Ne4 Qd5 19. Bf3 Rh8 20. Qg3 Qd7 21. Rad1 f6
22. Rfe1 Rad8 23. Nd2 Na5 24. Bxb7 Nxb7 25. Nf1 Nd6 26. Ne3 Ne4 27. Qf3 Ng5 28.
Qf4 Rhe8 29. Ng4 Qe7 30. h4 Nf7 31. Rd2 Rd5 32. Rde2 Rf5 33. Qg3 Nd8 34. Qd3 Qd7
35. c4 Rf4 36. Re4 Rxe4 37. Qxe4 Qb7 38. Qf4 Rf8 39. Qh6+ Kg8 40. Qxg6+ Qg7 41.
Qh5 Qh7 42. Qxh7+ Kxh7 43. g3 Kg6 44. Kg2 Rf7 45. f4 Rd7 46. h5+ Kf7 47. Rd1 Nc6
48. d5 exd5 49. Rxd5 Rxd5 50. cxd5 Nd8 51. Ne3 b5 52. Kf3 a5 53. Ke4 b4 54. Kd3
a4 55. Nc2 b3 56. axb3 axb3 57. Nd4 b2 58. Kc2 Nb7 59. Kxb2 Nd6 60. Kb3 Ne4 61.
Nf5 1-0

[Event "XXV Miedzynarodowy Festiwal Szachowy w Poznaniu - OPEN A"]
[Site "Poznan"]
[Date "2017.08.24"]
[Round "6.27"]
[White "Walkowski, Jonasz"]
[Black "Kaluzny, Tomasz"]
[Result "0-1"]
[WhiteTitle ""]
[BlackTitle ""]
[WhiteElo "1496"]
[BlackElo "1890"]

1. d4 d5 2. c4 c6 3. Nc3 Nf6 4. Nf3 dxc4 5. e4 b5 6. a3 e6 7. Bf4 Be7 8. Be2 O-O
9. O-O Bb7 10. Qc2 Nbd7 11. Rfd1 a6 12. Ne5 Nxe5 13. Bxe5 Qb6 14. Bf3 Rfe8 15.
Bg3 Rad8 16. e5 Nd5 17. Nxd5 exd5 18. b4 Bc8 19. Qd2 Bf5 20. Re1 Ra8 21. Qf4 Be6
22. Bg4 Bf8 23. Bxe6 Rxe6 24. Qd2 a5 25. f4 axb4 26. axb4 Ree8 27. f5 Rxa1 28.
Rxa1 Bxb4 0-1

[Event "XXV Miedzynarodowy Festiwal Szachowy w Poznaniu - OPEN A"]
[Site "Poznan"]
[Date "2017.08.24"]
[Round "6.28"]
[White "Glatty, Zbigniew "]
[Black "Kwiatkowski, Jacek "]
[Result "1-0"]
[WhiteTitle ""]
[BlackTitle ""]
[WhiteElo "1879"]
[BlackElo "1751"]

1. e4 c6 2. d4 d5 3. Nc3 dxe4 4. Nxe4 g6 5. Nf3 Bg7 6. c3 Nd7 7. Bc4 Ngf6 8. Qe2
Nxe4 9. Qxe4 Nf6 10. Qe2 O-O 11. O-O Bf5 12. Re1 Re8 13. Ne5 Nd5 14. Bd2 Qd6 15.
Rad1 Rad8 16. Bc1 Be6 17. Bb3 Qb8 18. Qf3 h5 19. h3 Qc8 20. Re2 Nc7 21. Bf4 Bxb3
22. axb3 Rf8 23. b4 Ne6 24. Bg3 Bf6 25. Rde1 Ng7 26. Ra1 a6 27. Nc4 Qf5 28. Qxf5
Nxf5 29. Bh2 Nd6 30. Nb6 Kg7 31. Na4 Ra8 32. Nc5 Ra7 33. Nd7 Rd8 34. Nb6 Nb5 35.
Kf1 Re8 36. Bf4 e6 37. Be5 Bxe5 38. Rxe5 Rd8 39. h4 Kf6 40. g3 Nxd4 41. cxd4 Rxd4
42. Re2 Rxb4 43. Nd7+ Ke7 44. Ne5 Rb5 45. Rd1 Rd5 46. Rxd5 cxd5 47. Rc2 Kf6 48.
f4 b5 49. Ke2 Kf5 50. Kf3 a5 51. Nc6 Ra6 52. Nd4+ Kf6 53. Nxb5 Rb6 54. Nd4 Rb4
55. Ke3 Ra4 56. b3 Ra1 57. Rc5 Ke7 58. Rxa5 Rg1 59. Kf2 Rd1 60. Nf3 f6 61. Ra7+
Kd6 62. Ra6+ Kd7 63. Rb6 Rb1 64. Rb7+ Kd6 65. Rf7 Rb2+ 66. Ke3 Rxb3+ 67. Ke2 Rb2+
68. Nd2 f5 69. Rf6 d4 70. Rxg6 Kd5 71. Rg5 Ra2 72. Rxh5 Ra3 73. Rg5 Re3+ 74. Kf2
Ra3 75. Rg8 Ra2 76. Ke2 Kc5 77. h5 Kb4 78. Kd3 Kc5 79. h6 Ra3+ 80. Ke2 Ra7 81.
Rg7 1-0

[Event "XXV Miedzynarodowy Festiwal Szachowy w Poznaniu - OPEN A"]
[Site "Poznan"]
[Date "2017.08.24"]
[Round "6.29"]
[White "Walkowski, Milosz"]
[Black "Zielinski, Olgierd "]
[Result "1/2-1/2"]
[WhiteTitle ""]
[BlackTitle ""]
[WhiteElo "1772"]
[BlackElo "1869"]

1. d4 c5 2. d5 f5 3. c4 g6 4. g3 Bg7 5. Bg2 Nf6 6. Nc3 d6 7. Qa4+ Nbd7 8. Nf3 O-O
9. Qb3 Qb6 10. O-O Qxb3 11. axb3 a6 12. Nb5 axb5 13. Rxa8 Nb6 14. Ra7 bxc4 15.
bxc4 Nxc4 16. Ng5 Nb6 17. Rd1 h6 18. Ne6 Re8 19. b3 Kf7 20. Bb2 Bh8 21. Nc7 Rg8
22. f3 Ne8 23. Nxe8 Bxb2 24. Nc7 c4 25. bxc4 Nxc4 26. e4 Ba3 27. Kh1 Bc5 28. Ra4
Nb2 29. Raa1 Nxd1 30. Rxd1 Bd7 31. f4 fxe4 32. Bxe4 Rc8 33. Ne6 b5 34. g4 g5 35.
Kg2 Kf6 36. Kf3 h5 37. h4 gxh4 38. gxh5 Bxe6 39. dxe6 Ba3 40. Bd3 Rc3 41. Ke4
b4 42. Rg1 d5+ 43. Kd4 Rxd3+ 44. Kxd3 Kf5 45. Rg5+ Kxe6 46. Kc2 b3+ 47. Kxb3 Bc1
1/2-1/2

[Event "XXV Miedzynarodowy Festiwal Szachowy w Poznaniu - OPEN A"]
[Site "Poznan"]
[Date "2017.08.24"]
[Round "6.30"]
[White "Wilk, Oktawia"]
[Black "Szafranski, Piotr"]
[Result "1-0"]
[WhiteTitle ""]
[BlackTitle ""]
[WhiteElo "1848"]
[BlackElo "1545"]

1. e4 c5 2. Nf3 d6 3. d4 cxd4 4. Nxd4 Nf6 5. Nc3 a6 6. Be2 e5 7. Nb3 Be7 8. Be3
Be6 9. O-O Nbd7 10. Kh1 O-O 11. f4 Rc8 12. f5 Bc4 13. Bxc4 Rxc4 14. Nd2 Rc8 15.
g4 Nb6 16. g5 Ne8 17. Qg4 f6 18. g6 d5 19. Qh5 h6 20. Bxh6 gxh6 21. Qxh6 Rf7 22.
gxf7+ Kxf7 23. Qg6+ Kf8 24. Rg1 Ng7 25. Qxg7+ Ke8 26. Qg8+ Kd7 27. Qe6+ Kc7 28.
Nxd5+ Nxd5 29. exd5 Kb8 30. Rg7 Bf8 31. Rd7 Qa5 32. c3 e4 33. Nxe4 1-0

[Event "XXV Miedzynarodowy Festiwal Szachowy w Poznaniu - OPEN A"]
[Site "Poznan"]
[Date "2017.08.24"]
[Round "6.31"]
[White "Augustowski, Janusz"]
[Black "Kupsik, Joanna "]
[Result "1/2-1/2"]
[WhiteTitle ""]
[BlackTitle ""]
[WhiteElo "1810"]
[BlackElo "1703"]

1. d4 d5 2. Nf3 Nf6 3. c4 e6 4. Nc3 Be7 5. Bf4 O-O 6. e3 b6 7. Rc1 c5 8. Be2 dxc4
9. Bxc4 Bb7 10. O-O Nc6 11. dxc5 Bxc5 12. Qe2 h6 13. Rfd1 Qe7 14. a3 Nh5 15. Ne4
Nxf4 16. exf4 Rfd8 17. Nxc5 Rxd1+ 18. Qxd1 Qxc5 19. Bxe6 Qe7 20. Bc4 Rd8 21. Qe2
Qf6 22. g3 Na5 23. Ne5 Nxc4 24. Qxc4 Rc8 25. Qxc8+ Bxc8 26. Rxc8+ Kh7 27. Nd7
1/2-1/2

[Event "XXV Miedzynarodowy Festiwal Szachowy w Poznaniu - OPEN A"]
[Site "Poznan"]
[Date "2017.08.24"]
[Round "6.32"]
[White "Sacharewicz, Krzysztof "]
[Black "Godek, Martyna "]
[Result "1-0"]
[WhiteTitle ""]
[BlackTitle ""]
[WhiteElo "1800"]
[BlackElo "1634"]

1. d4 d5 2. Nf3 Bg4 3. h3 Bh5 4. c4 e6 5. Nc3 c6 6. Qb3 Qc7 7. g4 Bg6 8. Ne5 Nf6
9. Bf4 Qb6 10. Qxb6 axb6 11. cxd5 exd5 12. Nxg6 hxg6 13. f3 Kd7 14. Bg2 Bd6 15.
Bxd6 Kxd6 16. e4 dxe4 17. fxe4 Kd7 18. Rf1 Rf8 19. O-O-O Kc8 20. Rf2 Nfd7 21.
e5 c5 22. Nb5 Kd8 23. dxc5 bxc5 24. e6 Rxa2 25. exd7 Ra1+ 26. Kc2 Rxd1 27. Kxd1
Nxd7 28. Bxb7 Ke7 29. Bd5 f6 30. Re2+ Ne5 31. Kc2 g5 32. Nc3 Kd6 33. Bg2 Rb8 34.
Ne4+ Kc7 35. Nxc5 Kd6 36. Ne4+ Kd7 37. Rd2+ Ke7 38. b3 Rc8+ 39. Kb2 Rb8 40. Rd4
Rc8 41. Nd6 Rb8 42. b4 g6 43. Nb7 Rc8 44. b5 Nc4+ 45. Kb3 Ne5 46. Na5 Rb8 47.
Nc6+ Nxc6 48. Bxc6 Rb6 49. Rd7+ Ke6 50. Rb7 Rxb7 51. Bxb7 1-0

[Event "XXV Miedzynarodowy Festiwal Szachowy w Poznaniu - OPEN A"]
[Site "Poznan"]
[Date "2017.08.24"]
[Round "6.33"]
[White "Lesien, Przemyslaw "]
[Black "Huchwajda, Katarzyna "]
[Result "1-0"]
[WhiteTitle ""]
[BlackTitle ""]
[WhiteElo "1763"]
[BlackElo "1779"]

1. d4 d5 2. c4 c6 3. Nc3 Nf6 4. Bf4 g6 5. e3 Bg7 6. c5 O-O 7. Be2 Nbd7 8. h4 h5
9. Nf3 Re8 10. Ne5 Nxe5 11. dxe5 Ng4 12. Bxg4 Bxg4 13. f3 Be6 14. g4 hxg4 15.
fxg4 Qd7 16. Rg1 f6 17. exf6 exf6 18. g5 f5 19. Ne2 b6 20. Bd6 Bf7 21. Kf2 Re6
22. Nf4 Rxd6 23. cxd6 Qxd6 24. Qf3 Bxb2 25. Rad1 Qa3 26. h5 Qd6 27. Rh1 Bg7 28.
hxg6 Bxg6 29. Nxg6 Qxg6 30. Rxd5 Rf8 31. Rd7 a5 32. Rc7 f4 33. e4 Bd4+ 34. Kf1
Qe6 35. Qb3 Qxb3 36. axb3 Rf7 37. Rxc6 Re7 38. Ke2 Kg7 39. g6 b5 40. Rh7+ Kf8
41. Rc8+ Re8 42. g7+ Bxg7 43. Rxe8+ Kxe8 44. Rxg7 1-0

[Event "XXV Miedzynarodowy Festiwal Szachowy w Poznaniu - OPEN A"]
[Site "Poznan"]
[Date "2017.08.24"]
[Round "6.34"]
[White "Pawlowski, Rafal "]
[Black "Hoffmann, Kacper "]
[Result "1-0"]
[WhiteTitle ""]
[BlackTitle ""]
[WhiteElo "1752"]
[BlackElo "1588"]

1. d4 Nf6 2. Nf3 g6 3. Bg5 Bg7 4. e3 d6 5. h3 O-O 6. Nbd2 c6 7. Be2 Nbd7 8. c3
e5 9. Rc1 Re8 10. Nc4 e4 11. Nfd2 d5 12. Nd6 Re6 13. Nxc8 Rxc8 14. c4 h6 15. Bh4
g5 16. Bg3 Nh7 17. Qc2 Re8 18. Bg4 Rf8 19. Bd6 Re8 20. O-O Bf8 21. Bg3 Be7 22.
cxd5 cxd5 23. Qxc8 Qxc8 24. Rxc8 Rxc8 25. Bxd7 Rc2 26. Nb1 Rxb2 27. Nc3 Nf6 28.
Ba4 a6 29. Bb3 1-0